Scratch - Kategorie - Statystyki

Ogólne statystyki
  • Ten quiz został rozwiązany 15 razy
  • Średni wynik to 6 z 9
Statystyki odpowiedzi
Kategoria % Poprawnych
Ruch
100%
Zmienne
92%
Kontrola
75%
Dźwięk
75%
Wygląd
67%
Moje Bloki
58%
Wyrażenia
42%
Czujniki
25%
Zdarzenia
25%
Nie znaleziono quizów pasujących do podanych kryteriów
Rozkład punktacji
Procent ludzi z każdym wynikiem
Percentyl według liczby udzielonych odpowiedzi
Twoja historia wyników
Nie rozwiązałeś tego quizu